| 000 | 00340nam a2200121Ia 4500 | ||
|---|---|---|---|
| 008 | 240731s9999 xx 000 0 und d | ||
| 022 | _a1550-2716 | ||
| 245 | 0 | _aLEUKOS : The Journal of the Illuminating Engineering Society | |
| 260 | _bTaylor & Francis | ||
| 856 | _uhttps://www.tandfonline.com/loi/ulks20 | ||
| 942 | _2ddc | ||
| 942 | _cTFEJ | ||
| 999 |
_c78379 _d78379 |
||
| 945 |
_a1 _bMadushi Gamage _c1 _dMadushi Gamage |
||